|
|
|
|
| LEADER |
00000cam a2200000 7i4500 |
| 001 |
0000064483 |
| 005 |
20090709093000.0 |
| 008 |
090624s2006 my may |
| 020 |
|
|
|a 9789830423142
|
| 090 |
0 |
0 |
|a BP173.6
|b .P76 2006
|
| 245 |
0 |
0 |
|a Prosiding konvensyen Islam hadhari :
|b peringkat kebangsaan 2006
|
| 260 |
|
|
|a Putrajaya :
|b Jabatan Kemajuan Islam Malaysia ,
|c c2006
|
| 300 |
|
|
|a vi, 306 p. :
|b ill. ;
|c 21 cm.
|
| 440 |
|
0 |
|a Siri Penerbitan Pendekatan Islam Hadhari
|
| 505 |
0 |
|
|a 1. Pembangunan tamadun ummah satu kefardhuan -- 2. Fiqh Al-awlawiyyat and its role in civilisation building of the ummah -- 3. Cara-cara merealisasikan konsep ketakwaan kepada Allah dalam pelaksanaan Islam hadhari -- 4. Merealisasikan kegemilangan ummah mengikut pendekatan Islam hadhari -- 5. Melonjak semula kegemilangan ummah melalui pendekatan Islam hadhari: cabaran dan strategi -- 6. Modal insan dalam pembangunan ketamadunan ummah: cabaran dan strategi -- 7. Pelaksanaan Islam hadhari dalam RMK-9 -- 8. Peranan sektor korporat dan golongan profesional: pendekatan Islam hadhari -- 9. Isu-isu yang menghalang kelancaran pelaksanaan Islam hadhari -- 10. Pelan strategik pelaksanaan 5 tahun Islam hadhari: perancangan dan pemantauan
|
| 650 |
|
0 |
|a Islam and state
|v Congresses
|
| 650 |
|
0 |
|a Islam
|y 21st century
|v Congresses
|
| 650 |
|
0 |
|a Ummah (Islam)
|x Congresses
|
| 999 |
|
|
|a 1000126213
|b Book
|c Reference
|e Gong Badak Campus
|
| 999 |
|
|
|a 1000126300
|b Book
|c OPEN SHELF (30 DAYS)
|e Gong Badak Campus
|